000 00276nam a22001217a 4500
008 170706b xxu||||| |||| 00| 0 eng d
041 _aeng
080 _a821.18
100 _a22
101 _aGJL
245 _aLETTERS OF THE GREAT ARTISTS
_cFRIEDENTHAL, R
942 _2udc
_cBK
999 _c20007
_d20007